000 00576nam a2200205 a 4500
001 BRCA_7827
005 20190320210020.0
008 011113s1958----u--b######---#000-0#eng-#
041 _aeng
044 _au
050 4 _aDK41
_b.W35 1958
100 1 _aWalsh, Warren Bartlett
_919380
245 1 0 _aRussia and the Soviet Union
_ba modern history
_cby Warren Bartlett Walsh.
260 _aAnn Arbor, E.U.
_bUniversity of Michigan
_cc1958
300 _axxii, 640 p.
_bil., mapas
_c24 cm.
500 _aY23
651 4 _aRusia
_xHistoria
_919381
902 _aGFM
942 _2lcc
_cB
999 _c7501
_d7501